000
00315nam a2200121Ia 4500
008
190216s9999||||xx |||||||||||||| ||und||
100
_a
Sineh S K
245
0
_a
Finance In Developed And Developing Countries Public Finance
260
_b
S Chand & Co
_c
1991
300
_a
704 pages
650
_a
Economics
942
_c
BK
999
_c
9841
_d
9841